00321nam a2200121Ia 45000030006000000080041000060400015000471000020000622450038000822600050001205460012001700050017001820STCL150530s9999 xx 000 0 und d aSTCLcSTCL aRaghavan, D. Ed aHand book of agricultural culture bIndian Council of Agricultural Researchc1961 aEnglish20220125170343.0